Vnější ekonomické vztahy v přestavbě hospodářskeho mechanismu Československa
Saved in:
| Main Author: | |
|---|---|
| Format: | Book |
| Language: | Czech |
| Published: |
Praha
Horizont
1989
|
| Edition: | 1. vyd. |
| Tags: |
No Tags, Be the first to tag this record!
|
MARC
| LEADER | 00000nam a2200000 4500 | ||
|---|---|---|---|
| 001 | c039609 | ||
| 005 | 20221215120944.7 | ||
| 041 | 0 | |a cze | |
| 044 | |a CZ | ||
| 245 | 1 | 0 | |a Vnější ekonomické vztahy v přestavbě hospodářskeho mechanismu Československa |c Michal Voráček |
| 250 | |a 1. vyd. | ||
| 264 | 1 | |a Praha |b Horizont |c 1989 | |
| 300 | |a 45 s. | ||
| 100 | 1 | |a Voráček, Michal | |